000 02250nam0a2200349 4500
001 RU\NLR\BIBL_A\012121625
005 20191029113519.0
010 _a978-5-9222-1255-7
_9500
021 _aRU
_bКН-П-19-071588
_9КН-П-19-5157
035 _a(NLR Aleph) 012121625
035 _a(RuMoRGB)010101752
090 _a11996146
_c11996146
100 _a20191016d2018 k y0rusy50 ca
101 0 _arus
_deng
102 _aRU
105 _ay|||z|||100zy
200 1 _aЮридические санкции: общетеоретические и отраслевые аспекты
_eматериалы V Всероссийской научно-практической конференции с международным участием, [27 октября 2017 г., г. Казань]
_fКазанский филиал Федерального государственного бюджетного образовательного учреждения высшего образования "Российский государственный университет правосудия"
210 _aКазань
_cОтечество
_d2018
215 _a584 с.
_d21
300 _aРез. англ.
320 _aБиблиогр. в конце ст. и в подстроч. примеч.
606 1 _aСанкции
_jСъезды, совещания и т.п
_91584119
_3RU\NLR\AUTH\66994536
606 1 _aПринуждение в праве
_jСъезды, совещания и т.п
_92006964
_3RU\NLR\AUTH\661207749
686 1 _aХ062.041я431
686 1 _aХ629.35я431
711 1 2 _a"Юридические санкции: общетеоретические и отраслевые аспекты", всероссийская научно-практическая конференция с международным участием
_d5
_eКазань
_f2017
_9682886
_3RU\NLR\AUTH\880511169
712 0 2 _4570
_aРоссийский государственный университет правосудия
_bКазанский филиал
_9653927
_3RU\NLR\AUTH\880497031
942 _cBOOK
980 _aNBR
980 _aNB